000 00336nam a2200145Ia 4500
005 20250603145211.0
008 250603s9999 xx 000 0 und d
020 _a978-605-5865-95-5
050 _aKKX 70 .O38/
100 _aOgurlu, Yucel
245 0 _aIntroduction to Turkish law
260 _c2010
300 _a235 p
942 _cBK
999 _c41168
_d41168